000 00373nam a22001577a 4500
003 CEME
005 20210628203150.0
008 210122b xxu||||| |||| 00| 0 eng d
040 _c.
082 _a356.167 GHU
100 _aGulam Jilani Khan
_963724
245 _aSsg tarikh ka aiena main
260 _aRAWALPINDI
_bBLOOMSBURG
_c2004
300 _aPDF
942 _cBK
_2ddc
999 _c572453
_d572453